000 00270nam a2200109Ia 4500
005 20251222144910.0
008 251222s9999||||xx |||||||||||||| ||spa||
082 _a255.5/A84
245 0 _aUn Popolo E i suoi Canti:
264 _bStudio Editoriale Fiorentino
942 _cLIB
999 _c22314
_d22314